| 000 | 00845nam a2200181 a 4500 | ||
|---|---|---|---|
| 008 | 120416s1965 ||||||||||||||||| || u | ||
| 050 | _aJA 71 Lip | ||
| 100 | _aLippmann, Walter | ||
| 245 | 1 | 0 | _aPublic opinion |
| 260 |
_aNew York _bThe Free Press _c1965 |
||
| 300 | _ax, 272p. | ||
| 350 | _a0.00 | ||
| 650 | _aPUBLIC OPINION--POLITICAL ASPECTS | ||
| 650 | _aPOLITICS | ||
| 995 |
_aMAIN LIBRARY OPEN ACCESS _D0.00 _e712517 _FCBU-MAIN LIBRARY (Kitwe) _H3 _I4.95 _jJA 71 Lip _M1 _UAVAILABLE _y009361 _ZMain Library Open Access Collection |
||
| 995 |
_aANNEX COLLECTION (Main Library) _D0.00 _e712519 _FCBU-MAIN LIBRARY (Kitwe) _H1 _I4.95 _jJA 71 Lip _M3 _UAVAILABLE _y009363 _ZAnnex Low-Usage Collection |
||
| 995 |
_aMAIN LIBRARY OPEN ACCESS _D0.00 _e712518 _FCBU-MAIN LIBRARY (Kitwe) _H2 _I4.95 _jJA 71 Lip _M2 _UAVAILABLE _y009362 _ZMain Library Open Access Collection |
||
| 999 |
_c77156 _d77156 |
||